00280 a2200121 4500001000700000020002200007040003500029240002700064245002500091300000800116362000900124440002500133157428 a978-85-359-3016-0 cEscola São Tomás de Aquino10a50 poemas de revoltal10a50 poemas de revolta a1430 a2017 1aCompanhia das Letras